Apropiación social del conocimiento : construcción de ciencia y tecnología con actores rurales /

Bibliographic Details
Main Author: Arboleda Muñoz, Germán Antonio (Author)
Format: Electronic eBook
Language:Spanish
Published: Popayán, Colombia : Editorial Universidad del Cauca, 2021.
Edition:Primera edición en español.
Subjects:
Online Access:Digitalia Hispánica

MARC

LEADER 00000nam a2200000 i 4500
001 DIGUCAUCA0123
003 NyNyDIG
006 m o d
007 cr |||||||||||
008 231007s2021 ck a ob 001 0 spa d
035 |a (OCoLC)1394974140 
040 |a DGITA  |b eng  |e rda  |e pn  |c DGITA 
020 |a 9789587324853  |q digital 
020 |z 9789587324846  |q impreso 
043 |a s-ck--- 
050 1 4 |a HD9199.C72 ebook 
100 1 |a Arboleda Muñoz, Germán Antonio,  |e author.  
245 1 0 |a Apropiación social del conocimiento :  |b construcción de ciencia y tecnología con actores rurales /  |c Germán Antonio Arboleda Muñoz [and 3 others]. 
250 |a Primera edición en español. 
264 1 |a Popayán, Colombia :  |b Editorial Universidad del Cauca,  |c 2021. 
300 |a 1 online resource :  |b illustrations. 
336 |a text  |b txt  |2 rdacontent 
337 |a computer file  |b c  |2 rdamedia 
338 |a online resource  |b cr  |2 rdacarrier 
347 |a text file  |2 rdaft 
347 |b PDF 
504 |a Includes bibliographical references and Index. 
588 0 |a Online resource; title from PDF title page (Digitalia, viewed October 7, 2023) 
650 0 |a Coffee industry  |z Colombia. 
650 0 |a Coffee industry  |x Environmental aspects  |z Colombia. 
650 0 |a Social change  |z Colombia. 
650 0 |a Technological innovations  |z Colombia. 
776 0 8 |i Print version:  |a Arboleda Muñoz, Germán Antonio.  |t Apropiación social del conocimiento.  |b Primera edición en español.  |d Popayán, Colombia : Editorial Universidad del Cauca, 2021  |z 9789587324846 
791 2 |a Digitalia (Firm),  |e distributor. 
793 0 |g Digitalia eBook Collection:  |a Universidad del Cauca 
856 4 0 |3 Digitalia Hispánica  |u https://www.digitaliapublishing.com/a/129838/ 
910 |a Premium collection: 2023